| 000 | 00953cam a2200349 4500 | ||
|---|---|---|---|
| 001 | 3348180 | ||
| 003 | DO-SdBNP | ||
| 005 | 20180220141730.0 | ||
| 007 | 3348180 | ||
| 008 | 080404r2000 sp | |||| 000 1 spa | ||
| 015 | _a | ||
| 017 |
_a _b |
||
| 020 | _a8434861836 | ||
| 035 | _a | ||
| 040 |
_aBPMSU _bspa _cBPMSU _e |
||
| 041 | 1 |
_aspa _h |
|
| 080 | _a | ||
| 092 |
_a813.5 _bV891p |
||
| 100 | 1 | _aVoigt, Cynthia | |
| 240 | 1 | 0 |
_aBad girls _lespañol |
| 245 | 1 | 0 |
_a¡Pero qué chicas tan malas! _h _cCynthia Voigt ; traducción Pilar León Fiz |
| 250 | _a3ª ed. | ||
| 260 |
_aMadrid : _bSM _c2000 |
||
| 300 |
_a253 p. ; _c20 cm |
||
| 490 | 1 |
_aEl barco de vapor. _a Serie roja _v104 |
|
| 650 | _2NOVELA JUVENIL ESTADOUNIDENSE | ||
| 700 |
_aLeón Fiz, Pilar _etraducción |
||
| 830 | 3 |
_aEl barco de vapor. _pSerie roja _v104 |
|
| 942 |
_2ddc _cBK |
||
| 945 | _aInventariado, 2018 / BT | ||
| 956 |
_aVMATEO _210 _320160406 _6BPMSU _80069 |
||
| 999 |
_c9569 _d9569 |
||